00424pab a2200145 454500008004000000100002700040245008000067260000900147300001200156362001100168650002900179650002900208650002100237773002000258180718b2005 xxu||||| |||| 00| 0 eng d aBolashetty, Shripad S. aTrade in Indian higher education service sector: implications of WTO's GATS c2005 ap.6-14. a19 Sep aWorld Trade Organization aHigher education - India aHigher education aUniversity News